Sex, Dissidence and Damnation : (Record no. 612537)

MARC details
000 -LEADER
fixed length control field 00502nam a2200193 a 4500
008 - FIXED-LENGTH DATA ELEMENTS--GENERAL INFORMATION
fixed length control field 260214s1994##################000#0#eng##
020 ## - INTERNATIONAL STANDARD BOOK NUMBER
ISBN 9780415071475
082 04 - DEWEY DECIMAL CLASSIFICATION NUMBER
Classification number 306.709
Item number RIC
100 1# - MAIN ENTRY--AUTHOR NAME
Personal name Richards, Jeffrey,
245 10 - TITLE STATEMENT
Title Sex, Dissidence and Damnation :
260 ## - PUBLICATION, DISTRIBUTION, ETC. (IMPRINT)
Name of publisher Psychology Press,
Year of publication 1994.
300 ## - PHYSICAL DESCRIPTION
Number of Pages 220 pages
650 #0 - SUBJECT ADDED ENTRY--TOPICAL TERM
Topical Term History.
942 ## - ADDED ENTRY ELEMENTS (KOHA)
Koha item type English Books
Holdings
Withdrawn status Lost status Damaged status Not for loan Home library Current library Shelving location Date acquired Full call number Accession Number Price effective from Koha item type
        Anna Centenary Library Anna Centenary Library 3RD FLOOR, B WING 14.02.2026 306.709 RIC 175860 14.02.2026 English Books

Find us on the map